<?xml version="1.0" encoding="UTF-8"?>
<record
    xmlns:xsi="http://www.w3.org/2001/XMLSchema-instance"
    xsi:schemaLocation="http://www.loc.gov/MARC21/slim http://www.loc.gov/standards/marcxml/schema/MARC21slim.xsd"
    xmlns="http://www.loc.gov/MARC21/slim">

  <leader>00340nam a22001337a 4500</leader>
  <controlfield tag="005">20200622121906.0</controlfield>
  <controlfield tag="008">200620b        xxu||||| |||| 00| 0 eng d</controlfield>
  <datafield tag="082" ind1=" " ind2=" ">
    <subfield code="a">348.5412 JBCJ</subfield>
  </datafield>
  <datafield tag="245" ind1=" " ind2=" ">
    <subfield code="a">JHARKHAND BAR COUNCIL JOURNAL , 2019 [3] </subfield>
  </datafield>
  <datafield tag="260" ind1=" " ind2=" ">
    <subfield code="a">RANCHI</subfield>
    <subfield code="b">JSBC, RANCHI , JHARKHAND</subfield>
  </datafield>
  <datafield tag="300" ind1=" " ind2=" ">
    <subfield code="a">925,p</subfield>
  </datafield>
  <datafield tag="650" ind1=" " ind2=" ">
    <subfield code="a">LAW</subfield>
    <subfield code="9">5701</subfield>
  </datafield>
  <datafield tag="942" ind1=" " ind2=" ">
    <subfield code="c">JRL</subfield>
  </datafield>
  <datafield tag="999" ind1=" " ind2=" ">
    <subfield code="c">7353</subfield>
    <subfield code="d">7351</subfield>
  </datafield>
  <datafield tag="952" ind1=" " ind2=" ">
    <subfield code="0">0</subfield>
    <subfield code="1">0</subfield>
    <subfield code="4">0</subfield>
    <subfield code="7">0</subfield>
    <subfield code="8">LAW</subfield>
    <subfield code="a">JRU</subfield>
    <subfield code="b">JRU</subfield>
    <subfield code="c">SHELF-33-A</subfield>
    <subfield code="d">2020-07-02</subfield>
    <subfield code="e">PURCHESS</subfield>
    <subfield code="g">925.00</subfield>
    <subfield code="l">0</subfield>
    <subfield code="o">348.5412 JBCJ</subfield>
    <subfield code="p">24932</subfield>
    <subfield code="r">2020-06-20 00:00:00</subfield>
    <subfield code="w">2020-07-02</subfield>
    <subfield code="y">JRL</subfield>
  </datafield>
</record>
